000 00486nam a22001937a 4500
003 CEME
005 20210628205515.0
008 210305b xxu||||| |||| 00| 0 eng d
020 _a0-201-55866-1
040 _c.
082 _a629.836 AST'A
100 _aAstrom, Karl Johan Wittenmark, Bjorn
_975824
245 _aAdaptive control
250 _a2ND
260 _aNEWYORK
_bADDISON WESLEY
_c1995
300 _a574P
650 _aADAPTIVE CONTROL SYSTEMS
_918323
942 _cBK
_2ddc
999 _c581240
_d581240